1210 1947 1560 1249 1338 1703 1612 1657 1787 1980 1459 1243 1037 1022 1346 1962 1623 1854 1253 1280 1475 1464 1993 1331 1447 1783 1198 1755 1944 1596 1729 1847 1464 1534 1805 1309 1798 1366 1895 1569 1007 1248 1377 1442 1780 1612 1594 1860 1159 1776 1207 1243 1858 1795 1305 1094 1715 1518 1345 1413 1998 1633 1483 1650 1886 1607 1510 1097 1458 1120 1255 1076 1559 1062 1555 1028 1501 1145 1153 1627 1220 1131 1083 1098 1120 1305 1435 1347 1977 1898 1886 1084 1588 1371 1024 1780 1232 1977 1139 BCNSPRNW ULIB Ver.6.0+V

เปลี่ยนเป็นภาษาไทย

Change to English
 แสดงรายละเอียดบรรณานุกรม
  กลับหน้าหลัก

Brief Record : Get Marc (ISO 2709) : E-mail record : QR code < ปิดหน้าต่าง
LEADER : 00000nam 2200000uu 4500
001    13399127997
003     ULIB
008    211222s||||||||th 000 0 tha d
020    ^a9789749922958
060 04 ^aWY87^bช576ค
245 00 ^aคู่มือทักษะการสื่อสารสำหรับพยาบาลและนักเรียนพยาบาล /^cบรรณาธิการ ชิษณุ พันธุ์เจริญ, จรุงจิตร์ งามไพบูลย์
246 34 ^aคู่มือทักษะการสื่อสารสำหรับพยาบาลและนักเรียนพยาบาล :^bฉบับพกพา
250    ^aพิมพ์ครั้งที่ 2
260    ^aกรุงเทพฯ :^bศูนย์ฝึกอบรมทักษะการสื่อสาร ฝ่ายกุมารเวชศาสตร์โรงพยาบาลจุฬาลงกรณ์,^c2557
300    ^a208 หน้า :^bภาพประกอบ ;^c19 ซม.
650  7 ^aการสื่อสารทางการพยาบาล^vคู่มือ
700 0  ^aชิษณุ พันธุ์เจริญ,^eบรรณาธิการ
700 0  ^aจรุงจิตร์ งามไพบูลย์,^eบรรณาธิการ
710 2  ^aโรงพยาบาลจุฬาลงกรณ์. ^bฝ่ายกุมารเวชศาสตร์.^bศูนย์ฝึกอบรมทักษะการสื่อสาร
945    ^p90^l0^i008584
945    ^p90^l0^i008585
945    ^p90^l0^i008586
999    ^aประนอม เกษจรัล
รายการนี้ยังไม่มีแท็ก
คุณยังไม่ได้ล็อกอิน คุณสามารถมีกิจกรรมร่วมกับเว็บไซต์ได้ แต่ต้องล็อกอินก่อน ::
  ล็อกอิน

รายการสื่อสารสนเทศ

ลำดับที่ ประเภท เลขเรียก/บาร์โค้ด สถานที่ สถานะ
1. Book การพยาบาล
หนังสือสำรอง
สถานะ=หนังสือสำรอง
WY87 ช576ค ฉ.1 
  Barcode: 008584
ห้องสมุดวิทยาเขตสวรรค์ประชารักษ์
►หนังสือทั่วไป
บนชั้น
2. Book การพยาบาล
Book การพยาบาล
WY87 ช576ค ฉ.2 
  Barcode: 008585
ห้องสมุดวิทยาเขตสวรรค์ประชารักษ์
►หนังสือทั่วไป
บนชั้น
3. Book การพยาบาล
Book การพยาบาล
WY87 ช576ค ฉ.3 
  Barcode: 008586
ห้องสมุดวิทยาเขตสวรรค์ประชารักษ์
►หนังสือทั่วไป
บนชั้น

BibComment


ยังไม่เคยถูกคอมเมนท์

คอมเมนท์ทรัพยากรรายการนี้
  คอมเมนท์: คู่มือทักษะการสื..


 Copyright 2026. Bcnsprnw @Library